| Tag |
First Indicator |
Second Indicator |
Subfields |
| LEADER |
00000pam a2200000 i 4500 |
| 001 |
in00000478021 |
| 005 |
20151013050758.0 |
| 008 |
741023s1975 pau b 00010 eng |
| 010 |
|
|
|a 74023141
|
| 020 |
|
|
|a 0397473370
|
| 035 |
|
|
|a (OCoLC)01093476
|
| 035 |
|
|
|9 ACA6125AM
|
| 040 |
|
|
|a DLC
|c DLC
|d TXA
|d UtOrBLW
|
| 043 |
|
|
|a n-us---
|
| 049 |
|
|
|a TXAM
|c [1341141]
|
| 050 |
0 |
0 |
|a KF5660
|b .W38
|
| 082 |
0 |
|
|a 343/.73/025
|
| 100 |
1 |
|
|a Washburn, Wilcomb E.
|
| 245 |
1 |
4 |
|a The assault on Indian tribalism :
|b the General allotment law (Dawes act) of 1887 /
|c Wilcomb E. Washburn.
|
| 264 |
|
1 |
|a Philadelphia :
|b Lippincott,
|c [1975]
|
| 300 |
|
|
|a viii, 79 pages ;
|c 23 cm.
|
| 336 |
|
|
|a text
|b txt
|2 rdacontent
|
| 337 |
|
|
|a unmediated
|b n
|2 rdamedia
|
| 338 |
|
|
|a volume
|b nc
|2 rdacarrier
|
| 490 |
1 |
|
|a The America's alternatives series
|
| 500 |
|
|
|a "The General allotment act of 1887 ('The Dawes act')": pages 68-73.
|
| 504 |
|
|
|a Bibliography: pages [75]-79.
|
| 650 |
|
0 |
|a Indians of North America
|x Land tenure.
|
| 710 |
1 |
2 |
|a United States.
|t Laws, statutes, etc.
|p General allotment act. 1975.
|
| 830 |
|
0 |
|a America's alternatives series.
|
| 999 |
|
|
|a MARS
|
| 999 |
f |
f |
|s 2a02cada-f9f8-3baa-8a05-a2cabae0d89d
|i dc0ef936-94ec-3ece-b4de-96dd89074a96
|t 0
|
| 952 |
f |
f |
|p normal
|a Texas A&M University
|b College Station
|c Sterling C. Evans Library
|d Evans: Library Stacks
|t 0
|e KF5660 .W38
|h Library of Congress classification
|i unmediated -- volume
|m A14803188862
|
| 998 |
f |
f |
|a KF5660 .W38
|t 0
|l Evans: Library Stacks
|